00742 a2200205 4500952010800000999001500108020001500123050002000138100002600158245010800184264003100292300001700323500001700340504004100357650002800398650004700426700001800473700001800491942002700509 00104070aCCLbCCLd2020-11-05l0oHV1421 YOU 2001pB017998r2020-11-05 00:00:00tc.1w2020-11-05yBK c2735d2735 a085092681500aHV1421 YOU 2001 aFoster, Jane (editor)00aYoung people at the centre :bparticipation and social change /cedited by Jane Foster and Kumi Naidoo. aLondonbCommonwealthc2001 avi, 123 p. ; aYoung people aIncludes bibliographical references. 0aSocial work with youth. 0aYoung volunteers in community development.1 aFoster, Jane.1 aNaidoo, Kumi. 2lcccBKh1421iYOUkHV